000
00229nam a22000857a 4500
008
160805b xxu||||| |||| 00| 0 eng d
100
_9
43
_a
Rangarajan R
245
_a
Together with Physics-XI
260
_a
New Delhi
_b
R.S Publication
_c
2003
999
_c
2695
_d
2695